00551cam a2200169 a 450000100100000000500170001000800410002704000250006808200260009310000440011924500700016325000110023326000550024430000200029965000300031965000320034900000515620200929151608.0920707s1970 pr 001 p spa  aDO-SdBNPbspacBNPHU aPR861.44bF825e, 19701 aFranco Oppenheimer, Félix,d1912-200410aEstas cosas así fueron :bpoemas /cFélix Franco Oppenheimer. a2. ed. aSan Juan, Puerto Rico :bClub de la Prensa,c1970. a94 p. ;c20 cm. 4aPoesía puertorriqueña 4aLiteratura puertorriqueña